| 000 | 00740nam a2200277Ia 4500 | ||
|---|---|---|---|
| 005 | 20250425162220.0 | ||
| 008 | 250425s9999 xx 000 0 und d | ||
| 020 | _a9706862889 | ||
| 041 | _aspa | ||
| 043 | _amx | ||
| 082 | _a658.4012 | ||
| 100 | _aHITT, MICHAEL A | ||
| 245 | 0 | _aADMINISTRACION ESTRATEGICA: COMPETITIVIDAD Y CONCEPTOS DE GLOBALIZACION | |
| 250 | _a5A ED. | ||
| 260 | _aMEXICO | ||
| 260 |
_aMéxico _bROBERT E. HOSKISSON _c2004 |
||
| 300 | _a107 | ||
| 500 | _aTítulo Traducido: STRATEGIC MANAGEMENT | ||
| 650 | _aCOMPETITIVIDAD | ||
| 650 | _aESTRATEGIAS | ||
| 650 | _aGESTION ESTRATEGICA | ||
| 650 | _aGLOBALIZACION | ||
| 700 |
_aPILAR MASCARO SACRISTAN _etraductor |
||
| 942 | _c01 | ||
| 010 | _a57242 | ||
| 999 |
_c224681 _d224681 |
||